000
00280nam a2200109Ia 4500
008
190802s9999 xx 000 0 und d
100
_a
James A Chapman
245
0
_a
Handbook of Grammar and Composition
260
_a
New Delhi
_b
A Beka Book
_c
2012
300
_a
262:p
942
_c
BK
999
_c
2208
_d
2208